书目信息 |
| 题名: |
日本文化与跨文化交际
|
|
| 作者: | 王秀文 , 孙文 主编 | |
| 分册: | ||
| 出版信息: | 北京 世界知识出版社 2004 |
|
| 页数: | 467页 | |
| 开本: | 20cm | |
| 丛书名: | 东方文化论丛 | |
| 单 册: | ||
| 中图分类: | G131.3 | |
| 科图分类: | ||
| 主题词: | 文化交流--中日关系--研究--汉、日 , 文化交流--研究--日本--汉、日 | |
| 电子资源: | ||
| ISBN: | 7-5012-2328-9 | |
| 000 | 00942nam0 2200265 450 | |
| 001 | TS2006046660 | |
| 005 | 20061228094351.32 | |
| 010 | @a7-5012-2328-9@dCNY28.00 | |
| 100 | @a20060829d2004 emky0chiy0120 ea | |
| 101 | 0 | @achi@ajpn |
| 102 | @aCN@b110000 | |
| 105 | @ay z 000yy | |
| 200 | 1 | @a日本文化与跨文化交际@ARi Ben Wen Hua Yu Kua Wen Hua Jiao Ji@f王秀文,孙文主编@FWang Xiu Wen, Sun Wen Zhu Bian |
| 210 | @a北京@c世界知识出版社@d2004 | |
| 215 | @a467页@d20cm | |
| 225 | 2 | @a东方文化论丛@v3 |
| 330 | @a本书主要是对上世纪90年代中期以来中日跨文化交际情况的研究,论述了日本文化与跨文化交际的关系,及日本语言、日语教学与跨文化关际等。 | |
| 410 | 0 | @12001 @a东方文化论丛@v3 |
| 606 | 0 | @a文化交流@x中日关系@x研究@y汉、日 |
| 606 | @a文化交流@x研究@x日本@y汉、日 | |
| 690 | @aG131.3@v4 | |
| 701 | 0 | @a王秀文@AWang Xiu Wen@4主编 |
| 701 | 0 | @a孙文@ASun Wen@4主编 |
| 801 | 0 | @aCN@b中图数据@c20061228 |
| 905 | @a10447@dG131.3@e75 | |
| 日本文化与跨文化交际/王秀文,孙文主编.-北京:世界知识出版社,2004 |
| 467页;20cm.-(东方文化论丛;3) |
| ISBN 7-5012-2328-9:CNY28.00 |
| 本书主要是对上世纪90年代中期以来中日跨文化交际情况的研究,论述了日本文化与跨文化交际的关系,及日本语言、日语教学与跨文化关际等。 |
| ● |
| 相关链接 |
|
|
|
|
正题名:日本文化与跨文化交际
索取号:G131.3/75
 
预约/预借
| 序号 | 登录号 | 条形码 | 馆藏地/架位号 | 状态 | 备注 |
| 1 | 0613777 | 206137777 | 第一样本阅览室/ [索取号:G131.3/75] | 在馆 | |
| 2 | 0613778 | 206137786 | 第四借阅区/ [索取号:G131.3/75] | 在馆 | |
| 3 | 0613779 | 206137795 | 第四借阅区/ [索取号:G131.3/75] | 在馆 | |
| 4 | 0613780 | 206137802 | 第四借阅区/ [索取号:G131.3/75] | 在馆 | |
| 5 | 0613781 | 206137811 | 第四借阅区/ [索取号:G131.3/75] | 在馆 |